|
|
|
|
| LEADER |
00000cam a2200000 cc4500 |
| 001 |
1138094676 |
| 003 |
DE-627 |
| 005 |
20251217132315.0 |
| 007 |
tu |
| 008 |
980824s1931 xx ||||| 00| ||ger c |
| 035 |
|
|
|a (DE-627)1138094676
|
| 035 |
|
|
|a (DE-576)068094671
|
| 035 |
|
|
|a (DE-599)BSZ068094671
|
| 035 |
|
|
|a (OCoLC)1564076992
|
| 035 |
|
|
|a (OCoLC)313182286
|
| 040 |
|
|
|a DE-627
|b ger
|c DE-627
|e rakwb
|
| 041 |
|
|
|a ger
|
| 100 |
1 |
|
|a Heymann, Robert
|d 1879-1946
|0 (DE-588)121233154
|0 (DE-627)081170793
|0 (DE-576)292598890
|4 aut
|
| 109 |
|
|
|a Heymann, Robert 1879-1946
|a Heymann, Robert der Ältere 1879-1946
|a Roberts, Fred 1879-1946
|a Heymann, Robert sen. 1879-1946
|a Heymann, Robert Senior 1879-1946
|a Heymann, Rob. 1879-1946
|a Retcliffe, John 1879-1946
|a Heymann-Dvorák, Robert 1879-1946
|a Dvorák, Robert Heymann- 1879-1946
|a Heymann Dvorák, Robert 1879-1946
|a Ladenburg, Max 1879-1946
|
| 245 |
1 |
0 |
|a Sexuelle Hörigkeit
|n 1
|p Der masochistische Mann
|c von Robert Heymann. Mit einer Einl. von Max Maschke
|
| 264 |
|
1 |
|a Leipzig
|b Lykeion Kulturwiss. Verl.-Ges.
|c 1931
|
| 300 |
|
|
|a XV, 326 S.
|
| 336 |
|
|
|a Text
|b txt
|2 rdacontent
|
| 337 |
|
|
|a ohne Hilfsmittel zu benutzen
|b n
|2 rdamedia
|
| 338 |
|
|
|a Band
|b nc
|2 rdacarrier
|
| 583 |
1 |
|
|a Archivierung prüfen
|c 20240511
|f DE-640
|z 2
|2 pdager
|
| 773 |
1 |
8 |
|a Sexuelle Hörigkeit eine Sittengeschichte der Erotomanie
|w (DE-627)113809465X
|w (DE-576)068094655
|g 1
|q 1
|7 nnam
|
| 935 |
|
|
|a mkri
|
| 951 |
|
|
|a MV
|
| ELC |
|
|
|b 1
|
| LOK |
|
|
|0 000 xxxxxcx a22 zn 4500
|
| LOK |
|
|
|0 001 450345286X
|
| LOK |
|
|
|0 003 DE-627
|
| LOK |
|
|
|0 004 1138094676
|
| LOK |
|
|
|0 005 20240325105559
|
| LOK |
|
|
|0 008 240325||||||||||||||||ger|||||||
|
| LOK |
|
|
|0 040
|a DE-Frei85
|c DE-627
|d DE-Frei85
|
| LOK |
|
|
|0 852
|a DE-Frei85
|
| LOK |
|
|
|0 852 1
|m p
|9 00
|
| LOK |
|
|
|0 935
|a reko
|
| LOK |
|
|
|0 938
|k p
|
| LOK |
|
|
|0 939
|a 25-03-24
|b l01
|
| ORI |
|
|
|a SA-MARC-krimdoka001.raw
|